Statistics for Kingdom of the Netherlands States

Click here to take the quiz!

General Stats

  • This quiz has been taken 40 times
  • The average score is 7 of 12

Answer Stats

PopulationState% Correct
2,738,000North Holland
100%
3,572,000South Holland
100%
1,251,000Utrecht
72%
2,479,000North Brabant
63%
2,019,000Gelderland
59%
646,400Friesland
56%
1,120,000Limburg
56%
582,900Groningen
50%
380,900Zeeland
50%
1,139,000Overijssel
44%
489,200Drenthe
41%
400,000Flevoland
41%

Score Distribution

Percentile by Number Answered

Percent of People with Each Score

Your Score History

You have not taken this quiz